Effectif RC Lens 2025/2026 - Statistiques

Statistiques générales
  • Ce quiz a été pris 637 fois
    29 depuis la dernière actualisation
  • Le résultat moyen est 23 sur 30
Statistiques - réponses
Poste Numéro Pays Joueur % Correct
ATT 10 France Florian Thauvin
100%
MIL 8 Mali Mamadou Sangaré
100%
COACH - France Pierre Sage
100%
G 40 France Robin Risser
100%
ATT 7 France Florian Sotoca
96%
DEF 20 France Malang Sarr
96%
DEF 14 France Matthieu Udol
96%
MIL 28 France Adrien Thomasson
91%
DEF 24 France Jonathan Gradit
91%
ATT 11 France Odsonne Édouard
91%
ATT 22 France Wesley Saïd
91%
ATT 9 France Allan Saint-Maximin
87%
DEF 2 France Ruben Aguilar
87%
DEF 6 Autriche Samson Baidoo
87%
DEF 25 France Ismaëlo Ganiou
83%
DEF 23 Arabie Saoudite Saud Abdulhamid
83%
ATT 19 Sénégal Abdallah Sima
78%
ATT 38 France Rayan Fofana
78%
MIL 5 Monténégro Andrija Bulatovic
74%
DEF 27 RD Congo Arthur Masuaku
74%
MIL 21 Mali Amadou Haidara
65%
G 16 France Mathieu Gorgelin
65%
DEF 32 France Kyllian Antonio
61%
DEF 4 Bosnie-Herzégovine Nidal Celik
61%
G 1 France Régis Gurtner
52%
MIL 18 France Fodé Sylla
48%
ATT 26 France Anthony Bermont
43%
ATT 34 Thaïlande Erawan Garnier
39%
G 60 France Ilan Jourdren
26%
MIL 31 France Alpha Diallo
17%
Aucun quiz correspondant
Distribution des résultats
% des personnes avec chaque résultat
Percentile par nombre de réponses
Votre historique - résultats
Vous n’avez pas pris ce quiz depuis la dernière actualisation